000 00536pab a2200193 454500
008 180718b2008 xxu||||| |||| 00| 0 eng d
100 _aClasen, Jochen
245 _aVoluntary unemployment insurance and trade union membership: investigating the connections in Denmark and Sweden
260 _c2008
300 _ap.433-51.
362 _aJul
650 _aTrade unions
650 _aUnemployment
650 _aSocial security
700 _aViebrock, Elke
773 _aJournal of Social Policy
908 _aN
909 _a82901
999 _c82901
_d82901